| 000 | 00353nam a2200133 a 4500 | ||
|---|---|---|---|
| 005 | 20140414131914.0 | ||
| 008 | 100902s19uu xx 00 eng d | ||
| 020 | _a0590455788 | ||
| 050 |
_aFIC _bP44 1993 |
||
| 100 | _aPeterson, John | ||
| 245 | _aThe Littles and the terribly tiny kid. | ||
| 260 |
_aNew York : _bScholastic , _c1993. |
||
| 999 |
_c111380 _d111380 |
||